000 00687 a2200193 4500
003 NUST
005 20251118180949.0
040 _cNust
082 _a621.382,SHA
100 _aShahid, Ahmar Lt. Cdr (TCC-14)
_9131938
245 _aCommunication between two PCs through cordless telephone system /
_cLt. Cdr Ahmar Shahid, Capt. Humayun Zubair , Capt Mazhar Hayat and Lt Salman Rashid
260 _aRawalpindi
_bMCS (NUST)
_c2006
300 _a55 p.;
505 _aDigital Modulation (Page-07), Main Components (PAge-13),Cordless Telephones (Page-18).
650 _aUG Projects
_998716
651 _aTCC-14
700 _aSupervised by Maj (R) Fazal Ahmed
_9131806
942 _cPR
_2ddc
999 _c183526
_d183526